000
00216nam a22000857a 4500
008
170301b xxu||||| |||| 00| 0 eng d
100
_9
2972
_a
Law.J
245
_a
Oxford Language Reference
260
_a
New Delhi
_b
Oxford
_c
2001
999
_c
6216
_d
6216